000 00793cam a22002291 4500
001 af 47004861
003 DLC
005 20260227110828.0
008 940620s1942 be c b 000 0 dut c
010 _aaf 47004861
035 _a(OCoLC)30633342
040 _aNew York. Public library
_cCU
_dDLC
042 _apremarc
050 0 0 _aPT6430.H48
_bZ7
100 1 _aClosset, François.
245 0 0 _aOver den dichter Raymond Herreman,
_cdoor Fr. Closset.
260 _aLiége,
_b34, rue de l'Université;
_aBruxelles,
_cU.m.A. Manteau, n.v.
_c[1942]
300 _a2 p. l., [7]-77 p., 1 l.
_bport.
_c23 cm.
440 0 _aUniversité de Liége. Séminaire de néerlandais. Directeur: R. Verdeyen. [Uitgaven,
_vno. 2]
504 _a"Bibliografie": p. [73]-77.
600 1 0 _aHerreman, Raymond,
_d1896-
999 _c2831
_d2831